The Firmware handbook / (Record no. 61665)

000 -LEADER
fixed length control field 01130cam a22002894a 4500
001 - CONTROL NUMBER
control field 13455922
003 - CONTROL NUMBER IDENTIFIER
control field NUST-PNEC
005 - DATE AND TIME OF LATEST TRANSACTION
control field 20170116180727.0
008 - FIXED-LENGTH DATA ELEMENTS--GENERAL INFORMATION
fixed length control field 040113s2004 ne a 001 0 eng
010 ## - LIBRARY OF CONGRESS CONTROL NUMBER
LC control number 2004040238
020 ## - INTERNATIONAL STANDARD BOOK NUMBER
International Standard Book Number 075067606X
040 ## - CATALOGING SOURCE
Original cataloging agency DLC
Transcribing agency PNEC
042 ## - AUTHENTICATION CODE
Authentication code pcc
050 00 - LIBRARY OF CONGRESS CALL NUMBER
Classification number QA76.765
Item number .G36 2004
082 00 - DEWEY DECIMAL CLASSIFICATION NUMBER
Classification number 004.2 GAN
100 ## - MAIN ENTRY--PERSONAL NAME
9 (RLIN) 942
Personal name Ganssle Jack
245 04 - TITLE STATEMENT
Title The Firmware handbook /
Statement of responsibility, etc. edited by Jack Ganssle.
260 ## - PUBLICATION, DISTRIBUTION, ETC.
Place of publication, distribution, etc. Amsterdam ;
-- Boston, Mass. :
Name of publisher, distributor, etc. Newnes,
Date of publication, distribution, etc. 2004.
300 ## - PHYSICAL DESCRIPTION
Extent xvi, 365 p. :
Other physical details ill. ;
Dimensions 24 cm.
440 #0 - SERIES STATEMENT/ADDED ENTRY--TITLE
Title Embedded technology series
500 ## - GENERAL NOTE
General note Includes index.
650 #0 - SUBJECT ADDED ENTRY--TOPICAL TERM
Topical term or geographic name entry element Computer firmware.
Form subdivision Handbook
General subdivision MIS, Computer
856 41 - ELECTRONIC LOCATION AND ACCESS
Uniform Resource Identifier <a href="http://www.amazon.com/Firmware-Handbook-Embedded-Technology/dp/075067606X/ref=sr_1_1?s=books&ie=UTF8&qid=1415346170&sr=1-1&keywords=075067606X">http://www.amazon.com/Firmware-Handbook-Embedded-Technology/dp/075067606X/ref=sr_1_1?s=books&ie=UTF8&qid=1415346170&sr=1-1&keywords=075067606X</a>
906 ## - LOCAL DATA ELEMENT F, LDF (RLIN)
a 7
b cbc
c orignew
d 1
e ocip
f 20
g y-gencatlg
942 ## - ADDED ENTRY ELEMENTS (KOHA)
Source of classification or shelving scheme
Koha item type Book
Holdings
Withdrawn status Lost status Source of classification or shelving scheme Damaged status Not for loan Permanent Location Current Location Shelving location Date acquired Source of acquisition Cost, normal purchase price Total Checkouts Full call number Barcode Date last seen Cost, replacement price Price effective from Koha item type
          Pakistan Navy Engineering College (PNEC) Pakistan Navy Engineering College (PNEC)   02/10/2001 Royal Book Company 150.00   004.2 GAN PNECLIB-027260 11/07/2014 150.00 02/10/2001 Book
© 2023 Central Library, National University of Sciences and Technology. All Rights Reserved.